000
00258nam a2200133Ia 4500
100
_a
Mittra/Sid
942
_c
BK
366
_f
25
654
_a
shakti
245
_a
Awakening Shakti
260
_b
Jaico Publishing House
546
_a
ENGLISH
999
_c
20338
_d
20338